=LDR 00000nam 2200000 4500 =001 INLIS000000000028481 =005 20130612130802 =008 ***********************************Ind** =035 ##$$0010-061300000028481 =041 ##$$a Ind =082 ##$$a 345.05 =090 ##$$a 345.05, Pra p =100 ##$$a Prakoso, Joko =245 ##$$a Penyidik, penuntut umum, hakim, dalam proses hukum acara pidana, Joko Prakoso =260 ##$$a 1987 $b Jakarta =300 ##$$a x,345 hlm, 22 cm =650 ##$$a Hukum Acara Pidana =850 ##$$a NBPNMAT